Zrození řecké civilizace

Bibliographic Details
Main Author: Oliva, Pavel, 1923- (Author)
Format: Book
Language:Czech
PhysicalDescription:176, [2] strán fotografie, ilustrácie, mapy, schémy 20 cm
Published: Praha Academia 1976
Edition:1. vydání
Series:Nové obzory vědy
Subjects:

MARC

LEADER 00000nam a2200000 a 4500
001 vtls001292964
003 SK-MaSNL
005 20260301064959.0
008 240318s1976 xr kao 0 cze
035 |a SNK000244716 
040 |a SNK  |b slo  |c SNK  |e AACR2 
100 1 |a Oliva, Pavel,  |d 1923-  |4 aut  |9 117181 
245 1 0 |a Zrození řecké civilizace  |c Pavel Oliva 
250 |a 1. vydání 
260 |a Praha  |b Academia  |c 1976 
300 |a 176, [2] strán  |b fotografie, ilustrácie, mapy, schémy  |c 20 cm 
490 1 |a Nové obzory vědy 
650 0 7 |a antická literatúra  |2 SNKPH  |9 92203 
650 0 7 |a antická mytológia  |2 SNKPH  |9 66660 
650 0 7 |a antika  |2 SNKPH  |9 18862 
651 7 |a Grécko  |2 SNKPHgeo  |9 16240 
651 7 |a Atény (Grécko)  |2 SNKPHgeo  |9 27958 
830 0 |a Nové obzory vědy  |9 383064 
958 |a OND 
999 |c 628962  |d 630892 
952 |t P60, <04>, [BOOK], {604}  |a SNK  |b SNK  |y VYP  |7 0  |p 17A0077094  |o snkID 67549 D1  |0 0  |1 1  |4 0  |d 1997-07-01  |l 0  |r 2005-01-02 00:00:00  |w 2026-02-23 
952 |t P60, <04>, [BOOK], {604}  |a SNK  |b SNK  |y VYP  |7 0  |p 17A0213587  |o snkID 67549  |0 0  |1 0  |4 0  |d 1999-10-11  |l 0  |r 2005-01-02 00:00:00  |w 2026-02-23